Essential Management Account for managers (Record no. 9391)

MARC details
000 -LEADER
fixed length control field 00492nam a22001817a 4500
003 - CONTROL NUMBER IDENTIFIER
control field OSt
005 - DATE AND TIME OF LATEST TRANSACTION
control field 20240923090828.0
008 - FIXED-LENGTH DATA ELEMENTS--GENERAL INFORMATION
fixed length control field 240923b |||||||| |||| 00| 0 eng d
020 ## - INTERNATIONAL STANDARD BOOK NUMBER
International Standard Book Number 027364650
040 ## - CATALOGING SOURCE
Transcribing agency MUST
100 ## - MAIN ENTRY--PERSONAL NAME
Personal name Chadwick Leslie
9 (RLIN) 19175
245 ## - TITLE STATEMENT
Title Essential Management Account for managers
260 ## - PUBLICATION, DISTRIBUTION, ETC. (IMPRINT)
Place of publication, distribution, etc. Europe
Name of publisher, distributor, etc. Prentice Hall International
Date of publication, distribution, etc. 2001
300 ## - PHYSICAL DESCRIPTION
Extent ix,137p. :
Other physical details ill. :
Dimensions 24cm.
500 ## - GENERAL NOTE
General note Includes index
600 ## - SUBJECT ADDED ENTRY--PERSONAL NAME
Source of heading or term Management accounting
942 ## - ADDED ENTRY ELEMENTS (KOHA)
Source of classification or shelving scheme Dewey Decimal Classification
Koha item type Book
Holdings
Withdrawn status Lost status Source of classification or shelving scheme Damaged status Not for loan Home library Current library Date acquired Source of acquisition Inventory number Total Checkouts Full call number Barcode Date last seen Price effective from Koha item type
    Dewey Decimal Classification     MUST Main Library MUST Main Library 23/09/2024 Donation 06/27538   658.1511 CHA 2001 2024-22388 23/09/2024 23/09/2024 Open Shelf